|
|
|
|
| LEADER |
00000nab a2200000 a 4500 |
| 001 |
vtls008412549 |
| 003 |
SK-MaSNL |
| 005 |
20260303070206.0 |
| 008 |
051130c20051130xo drz 0 0slo |
| 015 |
|
|
|a SNBRB2005/11
|
| 038 |
|
|
|a KEVKJB
|
| 040 |
|
|
|a KEVKJB
|b slo
|c KEVKJB
|e AACR2
|
| 041 |
0 |
|
|a slo
|
| 044 |
|
|
|a xo
|c SK
|
| 080 |
|
|
|a 78.071.2:784.66
|2 UDC-MRF-SK2
|
| 080 |
|
|
|a 784.66
|2 UDC-MRF-SK2
|
| 100 |
1 |
|
|a Šaráková, Lucia
|4 ivr
|4 aut
|9 551355
|
| 245 |
1 |
0 |
|a Polemic: Aj napriek pribúdajúcim vráskam nás to stále baví
|c Lucia Šaráková, Peter Opet, Braňo Bajzo
|
| 300 |
|
|
|b Fotogr.
|
| 610 |
2 |
7 |
|a Polemic (hudobná skupina)
|2 kevkjb
|9 32370
|
| 700 |
1 |
|
|a Opet, Peter,
|d 1972-
|4 ive
|4 aut
|9 192813
|
| 700 |
1 |
|
|a Bajzo, Braňo
|4 ive
|4 aut
|9 1067273
|
| 773 |
0 |
|
|t Košický denník Korzár
|g Roč. VIII, č. 276 (30.11.2005), s. 4
|x 1335-4566
|
| 852 |
|
|
|a KEVKJB
|b KIS3GCP
|
| 999 |
|
|
|c 1754320
|d 1756250
|